NBA Champions Since The Year 2000 - Statistics

General Stats
  • This quiz has been taken 71 times
  • The average score is 24 of 25
Answer Stats
Hint Answer % Correct
2020 Los Angeles Lakers
100%
2010 Los Angeles Lakers
100%
2009 Los Angeles Lakers
100%
2002 Los Angeles Lakers
100%
2001 Los Angeles Lakers
100%
2000 Los Angeles Lakers
100%
2024 Boston Celtics
98%
2008 Boston Celtics
98%
2016 Cleveland Cavaliers
98%
2022 Golden State Warriors
98%
2018 Golden State Warriors
98%
2017 Golden State Warriors
98%
2015 Golden State Warriors
98%
2013 Miami Heat
98%
2012 Miami Heat
98%
2006 Miami Heat
98%
2021 Milwaukee Bucks
97%
2023 Denver Nuggets
95%
2014 San Antonio Spurs
93%
2007 San Antonio Spurs
93%
2005 San Antonio Spurs
93%
2003 San Antonio Spurs
93%
2019 Toronto Raptors
93%
2011 Dallas Mavericks
92%
2004 Detroit Pistons
92%
No matching quizzes found
Score Distribution
Percent of People with Each Score
Percentile by Number Answered
Your Score History
You have not taken this quiz